Comentarios a la ley de enjuiciamiento civil reformada conforme a las bases aprobadas por la ley de 21 de junio de 1880 y publicada por Real Decreto de 3 de febrero de 1881 con formularios correspondientes a todos los juicios / (Record no. 158630)

MARC details
000 -LEADER
campo de control de longitud fija 01273nam a2200253 i 4500
001 - NÚMERO DE CONTROL
campo de control 158630
003 - IDENTIFICADOR DE NÚMERO DE CONTROL
campo de control ES-MaACL
005 - FECHA Y HORA DE LA ÚLTIMA TRANSACCIÓN
campo de control 20240524063006.0
008 - DATOS DE LONGITUD FIJA--INFORMACIÓN GENERAL
campo de control de longitud fija 940301m18811895sp |||| | spa d
040 ## - FUENTE DE CATALOGACIÓN
Centro catalogador/agencia de origen AS
Lengua de catalogación spa
100 1# - ENTRADA PRINCIPAL--NOMBRE DE PERSONA
Nombre de persona Manresa y Navarro, José María,
Fechas asociadas al nombre 1818-1905
9 (RLIN) 76090
245 10 - MENCIÓN DEL TÍTULO
Título Comentarios a la ley de enjuiciamiento civil reformada conforme a las bases aprobadas por la ley de 21 de junio de 1880 y publicada por Real Decreto de 3 de febrero de 1881 con formularios correspondientes a todos los juicios /
Mención de responsabilidad, etc. por José María Manresa y Navarro.
260 ## - PUBLICACIÓN, DISTRIBUCIÓN, ETC.
Lugar de publicación, distribución, etc. Madrid :
Nombre del editor, distribuidor, etc. [s.n.],
Fecha de publicación, distribución, etc. 1881-1895 (
Fabricante Imprenta de la Revista de Legislación, a cargo de M. Ramos)
300 ## - DESCRIPCIÓN FÍSICA
Extensión 6 v. ;
Dimensiones 23 cm.
510 4# - NOTA DE CITAS O REFERENCIAS BIBLIOGRÁFICAS
Nombre de la fuente Palau,
Localización dentro de la fuente 149256
530 ## - NOTA DISPONIBLE DE FORMULARIO FÍSICO ADICIONAL
Nota de formato físico adicional disponible Disponible en formato digital.
596 ## - NOTA AL PIE DE IMPRENTA
NOTA AL PIE DE IMPRENTA Marca tip. en port.
596 ## - NOTA AL PIE DE IMPRENTA
NOTA AL PIE DE IMPRENTA El pie de imp. varia en v.3: Imprenta de la Revista de Legislacion, a cargo de J.M. Sarda.
597 ## - NOTA DE DESCRIPCIÓN FÍSICA
NOTA DE DESCRIPCIÓN FÍSICA Vol. I (656 p.) -- vol. II (594 p.) -- vol. III (631 p.) -- vol. IV (623 p.) -- vol. V (712 p.) -- vol. VI (701 p.)
852 ## - LOCALIZACIÓN
Ubicación ES-MaACL
Número de control de estantería G-14198-14203
Nota libre -- Enc. pasta
856 ## - LOCALIZACIÓN Y ACCESO ELECTRÓNICOS
Identificador Uniforme de Recursos <a href="http://bdh-rd.bne.es/viewer.vm?id=0000217885&page=1 ">http://bdh-rd.bne.es/viewer.vm?id=0000217885&page=1 </a>
Nota pública Biblioteca Digital Hispánica
942 ## - ELEMENTOS DE ENTRADA SECUNDARIOS (KOHA)
Fuente del sistema de clasificación o colocación Clasificación decimal universal
Holdings
Estatus retirado Estado de pérdida Estado de daño No para préstamo Colección Biblioteca de origen Biblioteca actual Ubicación en estantería Fecha de adquisición Fuente de adquisición Total de préstamos Signatura topográfica completa Código de barras Visto por última vez Precio de reemplazo Tipo de ítem Koha
        Colección digital Biblioteca del Ateneo de Madrid Biblioteca del Ateneo de Madrid Sala Pecera Planta 3 17/01/2008     G-14198-14203 1166036 23/02/2023 23/02/2023 Libro impreso antiguo